Fener Rum Patrikhanesi : uluslararası ilişkiler açısından bir yaklaşım /
Church and state; Turkey; foreign relations.
Saved in:
| Main Author: | |
|---|---|
| Format: | Book |
| Language: | Turkish |
| Published: |
Emek, Ankara :
Günce Yayıncılık,
1999.
|
| Series: | Kültür kitapları dizisi ;
14. |
| Subjects: | |
| Tags: |
Add Tag
No Tags, Be the first to tag this record!
|
| LEADER | 01011nam a2200301 a 4500 | ||
|---|---|---|---|
| 001 | 008656567-2 | ||
| 005 | 20080818163259.0 | ||
| 008 | 010605s1999 tu 000|0 tur | ||
| 010 | |a 99904047 | ||
| 020 | |a 9757033480 | ||
| 035 | 0 | |a ocm43441873 | |
| 040 | |a DLC |c DLC | ||
| 042 | |a lcode | ||
| 050 | 0 | 0 | |a BX410 |b .A45 1999 |
| 100 | 1 | |a Alkan, Hakan, |d 1963- | |
| 245 | 1 | 0 | |a Fener Rum Patrikhanesi : |b uluslararası ilişkiler açısından bir yaklaşım / |c Hakan Alkan. |
| 260 | |a Emek, Ankara : |b Günce Yayıncılık, |c 1999. | ||
| 300 | |a 144 p. ; |c 20 cm. | ||
| 490 | 1 | |a Kültür kitapları dizisi ; |v 14 | |
| 504 | |a Includes bibliographical references (p. 143-144). | ||
| 520 | |a Church and state; Turkey; foreign relations. | ||
| 500 | |a "48"--T.p. verso. | ||
| 610 | 2 | 0 | |a Constantinople (Ecumenical patriarchate) |x History. |
| 610 | 2 | 0 | |a Constantinople (Ecumenical patriarchate) |x Relations. |
| 752 | |a Turkey |d Ankara. | ||
| 830 | 0 | |a Kültür kitapları dizisi ; |v 14. | |
| 988 | |a 20020608 | ||
| 906 | |0 DLC | ||


